DEMOS: / carta demográfica sobre México /
Guardat en:
| Format: | Llibre |
|---|---|
| Idioma: | Spanish |
| Publicat: |
México D.F:
UNAM,
1988-
|
| Matèries: | |
| Etiquetes: |
Afegir etiqueta
Sense etiquetes, Sigues el primer a etiquetar aquest registre!
|
MARC
| LEADER | 00000nam a22000007a 4500 | ||
|---|---|---|---|
| 003 | cru CIDCACS/IIS | ||
| 005 | 20231129100420.0 | ||
| 008 | 231129b |||||||| |||| 00| 0 spa d | ||
| 022 | |a 0187-7550 | ||
| 040 | |c cru CIDCACS/IIS | ||
| 090 | |a REV0272 | ||
| 245 | 1 | |a DEMOS: / |b carta demográfica sobre México / |c Universidad Nacional Autónoma de México. Instituto de Investigaciones Sociales | |
| 260 | |a México D.F: |b UNAM, |c 1988- | ||
| 270 | |a IISUMAN, Circuito mario de la Cueva Segundo Nivel H-06. ciudad de la Investigación en Humanidades, Zona Cultural, ciudad Universitaria 04510 México, D, F. | ||
| 500 | |a PERIODICIDAD : Anual EXISTENCIAS : 1989 (2) 1990 (3) 1991 (4) 1992 (5) 1993 (6) 1994 (7) 1995-1996 (8-9) 1997 (10) 1998-1999 (11-12) 2000 (13) 2001 (14) 2002 (15) 2003-2004(16) | ||
| 650 | 4 | |a DEMOGRAFIA |9 3428 | |
| 650 | 0 | |a FECUNDIDAD |9 6422 | |
| 650 | 0 | |a DESARROLLO URBANO |9 1180 | |
| 650 | 0 | |a EDUCACION |9 944 | |
| 650 | 0 | |a ANALISIS REGIONAL |9 2851 | |
| 650 | 0 | |a GRUPOS ETNICOS |9 2964 | |
| 651 | 0 | |a MEXICO |9 3410 | |
| 942 | |2 ddc |c PP | ||
| 999 | |c 45379 |d 45379 | ||
